000 00721nam a2200205 i 4500
001 117583
003 ES-MaACL
005 20250801063034.0
007 t|
008 070214m19664970sp r ||||1| spa d
100 1 _aPedro Pons, A.,
_d1898-1971
_989929
245 1 0 _aFormulario médico Daimon
_b: guía práctica terapéutica clínica /
_cdirigida por A. Pedro Pons y Máximo Soriano Jiménez.
260 _aMadrid [etc.] :
_bManuel Tamayo,
_c1966-1970.
300 _a2 v. ;
_c24 cm.
500 _aEs el suplemento 11 y 15.
650 4 _aMedicamentos-
_vCatálogos.
_9166536
700 1 _aSoriano Jiménez, Máximo,
_d1903-1978
_9107395
852 _aES-MaACL
_jP-488-Ter
_bR.60114
999 _c117583
_d117583